| 000 | 00411nam a2200157 a 4500 | ||
|---|---|---|---|
| 005 | 20140310183323.0 | ||
| 008 | 060309s19uu xx 00 eng d | ||
| 020 | _a0380778130 | ||
| 050 |
_aPN 2093 _b.B516 1996 |
||
| 100 | _aBerman, Richard | ||
| 245 |
_aHostile witness / _cRichard Berman. |
||
| 260 |
_aNew York : _bAvon Books, _c1996. |
||
| 300 |
_a300 p. : _c17 cm. |
||
| 942 |
_cBK _2lcc |
||
| 999 |
_c21449 _d21449 |
||